MARC

LEADER 00000nab a2200000 a 4500
001 vtls000898171
003 SK-MaSNL
005 20260305000320.0
008 040720e19980622xo 0 slo
035 |a KE7188 
040 |a KEVKJB  |b slo  |c KEVKJB  |e AACR2 
041 0 |a slo 
044 |a xo  |c SK 
080 |a 027.54  |2 1981 
100 0 |a pan  |4 aut  |9 827435 
245 1 0 |a Knižný dar 
610 2 7 |a Krajská štátna knižnica (Košice, Slovensko)  |2 KEVKJB  |9 32737 
610 2 7 |a International Book Bank (americká nadácia)  |2 KEVKJB  |9 30110 
610 2 7 |a Štátna vedecká knižnica v Košiciach  |2 KEVKJB  |9 252348 
650 0 7 |a knižné dary   |2 KEVKJB  |9 29562 
650 0 7 |a výstavy  |2 KEVKJB  |9 2780 
650 0 7 |a informácie  |2 KEVKJB  |9 1285 
651 7 |a Košice (Slovensko)  |2 KEVKJB  |9 18694 
651 7 |a KE,  |2 KEVKJB  |9 877256 
651 7 |a KE,  |2 KEVKJB  |9 877256 
655 7 |a periodikum  |2 snkbucl  |9 29553 
710 2 |a Krajská štátna knižnica (Košice, Slovensko)  |4 aut  |9 32737 
710 2 |a International Book Bank (americká nadácia)   |4 aut  |9 30110 
773 0 8 |t Košický večer  |g Roč. 9  |g Roč. 30, č.117, 22.6.1998, s. 2 
852 |a ZVYKNI  |b KIS3GCP 
999 |c 3213076  |d 3215006